000 01071nam a22003377a 4500
003 CHAP
005 20220329140539.0
008 971013s1970 r 00010 d
010 _a53706
011 _a54678
035 _a58829
040 _cCHAP
082 _a574.192
_bW4 1968
100 0 0 _aWhite, Abraham.
_9121674
245 _aPrincipios de bioquímica
260 _aMéxico, D.F. :
_bMcGraw-Hill,
_c1970
300 _a1185 p.
500 _aTrad. de la 4 ed. en inglés de 1968
590 _aBATCH-UPD
_b10
_c20130110
_lUCH01
_h0722
590 _aBATCH-UPD
_b10
_c20130110
_lUCH01
_h2334
590 _aBATCH-UPD
_b10
_c20130410
_lUCH01
_h0406
590 _aBATCH-UPD
_b10
_c20130914
_lUCH01
_h0644
590 _aCONVERSION
_b10
_c20130109
_lUCH01
_h1329
650 1 4 _aBioquímica.
_912849
700 0 _aHandler, Philip.
_952514
700 0 _aSmith, Emil L.
_9106999
901 _aBK
942 _cLIBRO
949 _a574.192 W4 1968
_bBC
_cLIBRO
_d-127488
_eLIBRO
_h45865
_i58829
_si
949 _a574.192 W4 1968
_bBC
_cLIBRO
_d33724000789616
_eLIBRO
_fc.2
_h46297
_i58829
_si
999 _c53706
_d53706